Prognóza a strategie ekonomického vývoje ČSSR

Na minha lista:
Detalhes bibliográficos
Autor principal: Chyba, Antonín
Formato: Livro
Idioma:tcheco
Publicado em: Praha Ústředí vědeckých, technických a ekonomických informací 1989
Tags: Adicionar Tag
Sem tags, seja o primeiro a adicionar uma tag!

MARC

LEADER 00000nam a2200000 4500
001 c033993
005 20251204074821.5
041 0 |a cze 
044 |a CZ 
245 1 0 |a Prognóza a strategie ekonomického vývoje ČSSR  |c Antonín Chyba 
264 1 |a Praha  |b Ústředí vědeckých, technických a ekonomických informací  |c 1989 
300 |a 73 s. 
100 1 |a Chyba, Antonín